LIBRARY & INFORMATION CENTRE, KCAET, TAVANUR

ONLINE PUBLIC ACCESS CATALOGUE (OPAC)

Amma veedu / (Record no. 585)

MARC details
000 -LEADER
fixed length control field 00456cam a2200181ua 4500
041 ## - LANGUAGE CODE
Language code of text/sound track or separate title mal
082 ## - DEWEY DECIMAL CLASSIFICATION NUMBER
Classification number 894.812 2
Item number GOP/AM
100 ## - MAIN ENTRY--AUTHOR NAME
Personal name Gopinathan Nair, T N.
245 ## - TITLE STATEMENT
Title Amma veedu /
260 ## - PUBLICATION, DISTRIBUTION, ETC. (IMPRINT)
Place of publication Eranakulam :
Name of publisher Parishath book stall ,
Year of publication 1959.
300 ## - PHYSICAL DESCRIPTION
Number of Pages 155 ; .
650 ## - SUBJECT ADDED ENTRY--TOPICAL TERM
Topical Term Drama - Malayalam
942 ## - ADDED ENTRY ELEMENTS (KOHA)
Koha item type Books
Holdings
Withdrawn status Lost status Damaged status Home library Current library Date acquired Full call number Accession Number Koha item type
Withdrawn     KAUAET Sanskrit University 07/04/2012 894.812 2 982 Books
free website counter